| 000 | 00888nas a2200265 4500 | ||
|---|---|---|---|
| 001 | BR0403704 | ||
| 003 | BR-BrBNA | ||
| 005 | 20231205104731.0 | ||
| 007 | ta | ||
| 008 | 230509b bl.|||p| |||| 00| 00por d | ||
| 040 |
_aBR-BrBNA _bpor _cBiblioteca Nacional de Agricultura |
||
| 041 | _a(Pt) | ||
| 072 | _aE16 | ||
| 100 | 1 | _aFerreira Júnior, S. | |
| 100 | 1 | _aBaptista, A.J.M.S. | |
| 245 | 1 | _aImpactos do programa de fomento à cafeicultura no pequeno produtor do município de Viçosa - MG: uma análise financeira sob condições de risco | |
| 650 | _aCAFÉ | ||
| 650 | _aRENTABILIDADE | ||
| 650 | _aMODELO MATEMÁTICO | ||
| 650 | _aSUBSÍDIO | ||
| 650 | _aECONOMIA DA PRODUÇÃO | ||
| 773 | 0 |
_tRevista de Economia e Agronegócio (Brazil) _xISSN 1679-1614 _g(Oct-Dec 2003), v. 1(4) p. 561-573 _wBR0403704 |
|
| 909 |
_a202311 _bLúcia _c55 _dLúcia Elande |
||
| 942 |
_2AGRIS _n0 _cANA |
||
| 999 |
_c179468 _d179468 |
||